[Event "PARDUBICE OPEN  2007 "]
[Site "?"]
[Date "2007.07.23"]
[Round "4"]
[White "Laznicka, Viktor"]
[Black "Panchanathan, Magesh"]
[Result "1-0"]
[WhiteElo "2594"]
[BlackElo "2486"]
[PlyCount "105"]
[EventDate "2007.??.??"]

1. d4 Nf6 2. c4 e6 3. Nf3 b6 4. g3 Ba6 5. Qb3 d5 6. cxd5 exd5 7. Bg5 Be7 8. Nc3
Bb7 9. Bxf6 Bxf6 10. Bg2 O-O 11. O-O Re8 12. Rfe1 Na6 13. Rad1 Qd6 14. e3 g6
15. h4 Bg7 16. Ng5 h6 17. Nh3 c6 18. Nf4 Qb4 19. Qc2 Nc7 20. a3 Qd6 21. b4 a5
22. Qb3 axb4 23. axb4 Bf8 24. Rb1 Ba6 25. e4 Bc4 26. Qc2 b5 27. e5 Qe7 28. Bh3
Bg7 29. Qd2 Kh7 30. h5 g5 31. Ng2 Ra3 32. Ne3 Ne6 33. Ng4 Kg8 34. Re3 Kf8 35.
Nxd5 Rxe3 36. Ndxe3 Qd7 37. Nxc4 bxc4 38. Qc3 Nxd4 39. Qxc4 Qd5 40. Qxd5 cxd5
41. Kg2 Bxe5 42. Nxh6 Bg7 43. Nf5 Nxf5 44. Bxf5 Rb8 45. b5 Rb6 46. Kf3 Bf6 47.
h6 Bh8 48. h7 Ke7 49. Kg4 Kf6 50. Bd3 Rb8 51. b6 Ke5 52. b7 Kd4 53. Bf5 1-0

[Event "PARDUBICE OPEN  2007 "]
[Site "?"]
[Date "2007.07.23"]
[Round "4"]
[White "Kravtsiv, Martyn"]
[Black "Shimanov, Alexander"]
[Result "1/2-1/2"]
[WhiteElo "2492"]
[BlackElo "2428"]
[PlyCount "159"]
[EventDate "2007.??.??"]

1. e4 e6 2. d4 d5 3. Nc3 dxe4 4. Nxe4 Nf6 5. Nxf6+ Qxf6 6. Nf3 h6 7. h4 Qd8 8.
Bd3 c5 9. Be3 cxd4 10. Bxd4 Nc6 11. Bc3 Bb4 12. Qd2 Bxc3 13. Qxc3 Qf6 14. Qxf6
gxf6 15. O-O-O Bd7 16. Rhe1 Rc8 17. Be4 Rg8 18. g3 Ke7 19. b3 Rc7 20. Kb2 Ne5
21. Nd4 Kf8 22. Rd2 Ng4 23. f3 Ne5 24. g4 Ng6 25. Red1 Ke7 26. Re1 Nf4 27. c4
h5 28. gxh5 Rh8 29. h6 Kf8 30. h7 f5 31. Bc2 Rxh7 32. Red1 Be8 33. Rh2 Rh5 34.
Re1 Bd7 35. Reh1 Ke7 36. Bd1 Rc8 37. Ne2 Nxe2 38. Bxe2 f4 39. Kc3 Bc6 40. b4
Re5 41. h5 Re3+ 42. Kc2 Bxf3 43. Bxf3 Rxc4+ 44. Kd2 Rd4+ 45. Kc2 Rxf3 46. h6
Rd8 47. h7 Rh8 48. Rh5 b6 49. Kd2 Ra3 50. Ke2 Kf6 51. Rh6+ Kg7 52. R6h5 Rg3 53.
a4 f6 54. a5 Rg5 55. R5h4 bxa5 56. bxa5 Rxa5 57. Rxf4 Re5+ 58. Kd3 Rd5+ 59. Kc4
f5 60. Rg1+ Kf7 61. Rh4 Rd7 62. Rh6 Re7 63. Kd4 Kf8 64. Rf6+ Rf7 65. Rxe6 Rhxh7
66. Ke5 f4 67. Rf1 f3 68. Ra6 Rh4 69. Ra3 f2 70. Ra2 Rhf4 71. Rxa7 R7f5+ 72.
Ke6 Kg8 73. Rd7 Rf6+ 74. Ke5 R6f5+ 75. Ke6 Rf3 76. Rd3 Rf6+ 77. Ke5 R3f5+ 78.
Ke4 Kg7 79. Rd6 Rf8 80. Rd8 1/2-1/2

[Event "PARDUBICE OPEN  2007 "]
[Site "?"]
[Date "2007.07.23"]
[Round "4"]
[White "Voloshin, Leonid"]
[Black "Grachev, Boris"]
[Result "1/2-1/2"]
[WhiteElo "2462"]
[BlackElo "2601"]
[PlyCount "109"]
[EventDate "2007.??.??"]

1. d4 d5 2. c4 e6 3. Nf3 c6 4. Qc2 Nf6 5. g3 b6 6. Bg2 Bb7 7. O-O Nbd7 8. Nbd2
c5 9. cxd5 Nxd5 10. a3 Rc8 11. Qd3 Be7 12. e4 N5f6 13. e5 Nd5 14. Ne4 h6 15.
Bd2 O-O 16. Rac1 Rc6 17. Rfe1 Qb8 18. dxc5 bxc5 19. Nc3 Rb6 20. Na4 Ba6 21. Qe4
Rb3 22. Qg4 Kh8 23. Nc3 Nxc3 24. Bxc3 Bd3 25. Nd2 Rxb2 26. Bxb2 Qxb2 27. Nc4
Bxc4 28. Qxc4 Nxe5 29. Qc3 Qxc3 30. Rxc3 Nd7 31. Rd1 Nb6 32. a4 Nxa4 33. Ra3
Nb2 34. Rd7 Bf6 35. Rdxa7 Bd4 36. Ra8 Rxa8 37. Rxa8+ Kh7 38. Be4+ f5 39. Bc2
Kg6 40. Ra6 Kf6 41. Kg2 g5 42. Bb3 c4 43. Bxc4 Nxc4 44. Ra4 Ne3+ 45. fxe3 Bxe3
46. g4 fxg4 47. Rxg4 Bf4 48. Kh1 e5 49. h3 e4 50. Rg2 Ke5 51. Kg1 Kd4 52. Ra2
Ke3 53. Kg2 h5 54. h4 gxh4 55. Ra4 1/2-1/2

[Event "PARDUBICE OPEN  2007 "]
[Site "?"]
[Date "2007.07.23"]
[Round "4"]
[White "Schlosser, Philipp"]
[Black "Totsky, Leonid"]
[Result "1-0"]
[WhiteElo "2562"]
[BlackElo "2484"]
[PlyCount "51"]
[EventDate "2007.??.??"]

1. c4 b6 2. d4 e6 3. e4 Bb7 4. Bd3 f5 5. exf5 Bb4+ 6. Kf1 Nf6 7. Nf3 O-O 8. a3
Bd6 9. Nc3 Qe8 10. Bg5 Qh5 11. d5 exf5 12. Nb5 Ne4 13. Nxd6 cxd6 14. Be3 Na6
15. Rc1 Rae8 16. b4 Nc7 17. a4 Kh8 18. Bd4 Rf7 19. h4 h6 20. Be2 Kg8 21. Ng5
Qxe2+ 22. Qxe2 Nxg5 23. hxg5 Rxe2 24. Kxe2 hxg5 25. Rh5 Na6 26. Bc3 1-0

[Event "PARDUBICE OPEN  2007 "]
[Site "?"]
[Date "2007.07.23"]
[Round "4"]
[White "Babula, Vlastimil"]
[Black "Heberla, Bartolomiej"]
[Result "1-0"]
[WhiteElo "2577"]
[BlackElo "2484"]
[PlyCount "117"]
[EventDate "2007.??.??"]

1. d4 d5 2. c4 dxc4 3. e3 e5 4. Bxc4 exd4 5. exd4 Nf6 6. Nf3 Bd6 7. O-O O-O 8.
Bg5 h6 9. Bh4 Nc6 10. h3 g5 11. Bg3 Bxg3 12. fxg3 Na5 13. Be2 Qd6 14. g4 Nd5
15. Nc3 Ne3 16. Qa4 Nc6 17. Rf2 Qb4 18. Bb5 Qxa4 19. Bxa4 Ne7 20. Bb3 c6 21.
Re1 N3d5 22. Nxd5 Nxd5 23. Bxd5 cxd5 24. Re7 b6 25. Ne5 Be6 26. Nc6 Rfc8 27.
Nxa7 Rc4 28. Rd2 Ra4 29. Nb5 Rxa2 30. Rf2 Rc8 31. Kh2 Rc6 32. Nc7 Ra4 33. Nxe6
Rxe6 34. Rexf7 Rxd4 35. Rd7 Rf4 36. Rd2 d4 37. Rc2 Ref6 38. Rc8+ Rf8 39. Rc6
R8f6 40. Rc8+ Rf8 41. Rc6 R8f6 42. Rxf6 Rxf6 43. Rxd4 Kf7 44. Kg3 Ke6 45. h4
gxh4+ 46. Kxh4 Rf2 47. Rb4 Rxg2 48. Rxb6+ Kf7 49. b4 Kg7 50. Kh3 Rg1 51. b5 Rb1
52. Kg3 Rb4 53. Kf3 Kh7 54. Rb8 Kg6 55. b6 Kg5 56. b7 Kh4 57. g5 Rb3+ 58. Ke2
Rb2+ 59. Kd3 1-0

[Event "PARDUBICE OPEN  2007 "]
[Site "?"]
[Date "2007.07.23"]
[Round "4"]
[White "Stocek, Jiri"]
[Black "Mikhalevski, Alexander"]
[Result "1/2-1/2"]
[WhiteElo "2572"]
[BlackElo "2441"]
[PlyCount "129"]
[EventDate "2007.??.??"]

1. d4 d5 2. c4 e6 3. Nc3 Be7 4. cxd5 exd5 5. Bf4 Nf6 6. e3 O-O 7. Rc1 c5 8. Nf3
Nc6 9. Be2 c4 10. O-O Bf5 11. Ne5 Ne4 12. Nxe4 Bxe4 13. Nxc6 bxc6 14. Qa4 Qb6
15. Bf3 Bxf3 16. gxf3 c5 17. dxc5 Bxc5 18. b3 cxb3 19. Qxb3 Rfd8 20. Rfd1 Qxb3
21. axb3 Bb6 22. Bc7 Bxc7 23. Rxc7 Rd6 24. Rd4 a6 25. Rf4 Rf6 26. Rxf6 gxf6 27.
Rc6 Kg7 28. Rb6 f5 29. Rb4 a5 30. Ra4 Rb8 31. Rxa5 Rxb3 32. Rxd5 f4 33. e4 Rxf3
34. Rg5+ Kf6 35. Rf5+ Kg6 36. Kg2 Ra3 37. Rxf4 f6 38. Rf5 Rb3 39. Ra5 Rc3 40.
f3 Rc1 41. Kg3 Rg1+ 42. Kf4 Rf1 43. Ra6 Kf7 44. Ra2 Rb1 45. h4 h5 46. Ra7+ Kg6
47. Ra6 Kf7 48. Rd6 Rb3 49. Rd2 Kg6 50. Rd7 Ra3 51. Kg3 Rb3 52. Kf2 Rb2+ 53.
Ke3 Rb3+ 54. Rd3 Rb1 55. f4 Re1+ 56. Kf3 Rf1+ 57. Kg3 Rg1+ 58. Kf2 Rh1 59. f5+
Kf7 60. Rd7+ Ke8 61. Rh7 Rxh4 62. Ke3 Kf8 63. Kd4 Kg8 64. Ra7 Rg4 65. Kd5
1/2-1/2

[Event "PARDUBICE OPEN  2007 "]
[Site "?"]
[Date "2007.07.23"]
[Round "4"]
[White "Kovacevic, Blazimir"]
[Black "Potkin, Vladimir"]
[Result "0-1"]
[WhiteElo "2457"]
[BlackElo "2591"]
[PlyCount "134"]
[EventDate "2007.??.??"]

1. c4 Nf6 2. Nc3 e5 3. Nf3 Nc6 4. g3 Nd4 5. Bg2 Nxf3+ 6. Bxf3 Bb4 7. Qb3 Bc5 8.
d3 c6 9. Bg5 Be7 10. Rd1 h6 11. Bc1 d6 12. d4 Qc7 13. Bg2 O-O 14. O-O exd4 15.
Rxd4 Be6 16. Qc2 c5 17. Nb5 Qb6 18. Rdd1 a6 19. Na3 Rfd8 20. b3 d5 21. cxd5
Nxd5 22. Nc4 Qc7 23. Bd2 a5 24. a4 Bf6 25. f4 Nb4 26. Qb1 Rab8 27. f5 Bxc4 28.
bxc4 Qe7 29. Qe4 Qxe4 30. Bxe4 Rd4 31. Bf4 Re8 32. Bxb7 Rxe2 33. Rde1 Rxe1 34.
Rxe1 Rxc4 35. Re8+ Kh7 36. Ra8 Rc2 37. Rxa5 c4 38. Ra8 c3 39. Rc8 Ra2 40. Be4
c2 41. Bd2 Bg5 42. Bxb4 c1=Q+ 43. Rxc1 Bxc1 44. Bc6 Be3+ 45. Kh1 h5 46. Be7 f6
47. Be8 Kh6 48. h4 Bd4 49. Bd6 Be5 50. Bxe5 fxe5 51. Bg6 Rxa4 52. Kg2 Ra6 53.
Be8 Rf6 54. Bd7 g6 55. fxg6 e4 56. Bb5 Kxg6 57. Be8+ Kh6 58. Bb5 e3 59. Kg1 Rf2
60. Be8 Rf3 61. Bb5 Rxg3+ 62. Kf1 Rg4 63. Ke2 Re4 64. Bd3 Rxh4 65. Kxe3 Rh3+
66. Ke2 Kg5 67. Bc4 Kf4 0-1

[Event "PARDUBICE OPEN  2007 "]
[Site "?"]
[Date "2007.07.23"]
[Round "4"]
[White "Kotronias, Vasilios"]
[Black "Lechtynsky, Jiri"]
[Result "1-0"]
[WhiteElo "2602"]
[BlackElo "2447"]
[PlyCount "89"]
[EventDate "2007.??.??"]

1. e4 c6 2. d4 d5 3. Nc3 dxe4 4. Nxe4 Nf6 5. Nxf6+ exf6 6. c3 Bd6 7. Bd3 O-O 8.
Qc2 Re8+ 9. Ne2 g6 10. Be3 f5 11. O-O-O Nd7 12. Kb1 Nf6 13. Bg5 Be7 14. Nf4 Nd5
15. Bxe7 Rxe7 16. Qd2 Nxf4 17. Qxf4 Be6 18. h4 h5 19. Rhe1 Qd7 20. Re3 Rae8 21.
Rde1 Qd5 22. c4 Qd8 23. Be2 b5 24. Bxh5 Bxc4 25. Qg5 Rxe3 26. Rxe3 Kg7 27. Bf3
Qxg5 28. hxg5 Rd8 29. Bxc6 Rxd4 30. Kc2 b4 31. Re5 Be6 32. b3 Rd6 33. Bf3 Ra6
34. Kb2 Rd6 35. Kc2 Ra6 36. Kb1 Rd6 37. Rb5 Rd2 38. Rxb4 Rxf2 39. Ra4 f4 40.
Rxa7 Kf8 41. b4 Bc4 42. a4 Bd3+ 43. Kc1 Rc2+ 44. Kd1 Rc4 45. Kd2 1-0

[Event "PARDUBICE OPEN  2007 "]
[Site "?"]
[Date "2007.07.23"]
[Round "4"]
[White "Pozin, Sergey"]
[Black "Dvoirys, Semen"]
[Result "0-1"]
[WhiteElo "2450"]
[BlackElo "2577"]
[PlyCount "72"]
[EventDate "2007.??.??"]

1. d4 Nf6 2. c4 g6 3. Nc3 d5 4. cxd5 Nxd5 5. e4 Nxc3 6. bxc3 Bg7 7. Bc4 c5 8.
Ne2 Nc6 9. Be3 O-O 10. O-O Qc7 11. Rc1 Rd8 12. Kh1 Na5 13. Bd3 b6 14. f4 e6 15.
f5 exf5 16. exf5 Bb7 17. Qd2 cxd4 18. cxd4 Qd6 19. Bh6 Bxd4 20. fxg6 hxg6 21.
Qg5 Bb2 22. Rcd1 Qd5 23. Qg4 Qd7 24. Qg3 Qc6 25. Nf4 Be5 26. Qg4 Rd6 27. Qe2
Re8 28. Rde1 Re7 29. Rg1 Bxf4 30. Qxe7 Bxh6 31. Bb5 Qd5 32. Be8 Bf8 33. Qc7 Rf6
34. Rd1 Qxa2 35. Qb8 Qe2 36. Rb1 Rf2 0-1

[Event "PARDUBICE OPEN  2007 "]
[Site "CEZ arena,  Pardubice  (CZE)"]
[Date "2007.07.23"]
[Round "4"]
[White "Antal, Gergely"]
[Black "Markos, Jan"]
[Result "0-1"]
[WhiteElo "2447"]
[BlackElo "2559"]
[PlyCount "58"]
[EventDate "2007.07.20"]

1. e4 c6 2. d4 d5 3. e5 Bf5 4. Nd2 e6 5. Nb3 Nd7 6. Nf3 Ne7 7. Be2 h6 8. O-O
Bh7 9. c3 Rc8 10. Ne1 Nf5 11. Nd3 Be7 12. a4 O-O 13. a5 b6 14. Nf4 c5 15. Re1
c4 16. Nd2 b5 17. b4 Nxd4 18. cxd4 Bxb4 19. Ba3 Bc3 20. Bxf8 Nxf8 21. Nf3 b4
22. Qc1 Rb8 23. Rd1 Bxa1 24. Qxa1 b3 25. Rd2 Rb5 26. Bd1 Qxa5 27. Qxa5 Rxa5 28.
Ne2 Ra1 29. Nc3 a5 0-1

[Event "PARDUBICE OPEN  2007 "]
[Site "CEZ arena,  Pardubice  (CZE)"]
[Date "2007.07.23"]
[Round "4"]
[White "Kraemer, Martin"]
[Black "Bobras, Piotr"]
[Result "0-1"]
[WhiteElo "2437"]
[BlackElo "2558"]
[PlyCount "68"]
[EventDate "2007.07.20"]

1. d4 Nf6 2. c4 g6 3. Nf3 Bg7 4. g3 d5 5. cxd5 Nxd5 6. Bg2 Nb6 7. Nc3 Nc6 8. e3
O-O 9. O-O Re8 10. d5 Na5 11. Nd4 Bd7 12. e4 c6 13. Re1 Rc8 14. Bf4 cxd5 15.
exd5 Nac4 16. b3 Nd6 17. Qd2 Nf5 18. Nde2 Rc5 19. Rac1 Nc8 20. Ne4 Rxc1 21.
Qxc1 Ncd6 22. Nc5 Bc8 23. h4 h6 24. a4 b6 25. Ne4 Nxe4 26. Bxe4 e5 27. Bxf5
Bxf5 28. Bxh6 Bxh6 29. Qxh6 Qxd5 30. Qe3 Bg4 31. Nf4 Qd6 32. f3 Bxf3 33. Nxg6
Bc6 34. Qc3 Be4 0-1

[Event "PARDUBICE OPEN  2007 "]
[Site "CEZ arena,  Pardubice  (CZE)"]
[Date "2007.07.23"]
[Round "4"]
[White "Janturin, Artur"]
[Black "Cvek, Robert"]
[Result "1-0"]
[WhiteElo "2435"]
[BlackElo "2548"]
[PlyCount "77"]
[EventDate "2007.07.20"]

1. e4 c5 2. Nf3 Nc6 3. d4 cxd4 4. Nxd4 Nf6 5. Nc3 d6 6. Be2 e5 7. Nf3 h6 8. O-O
Be7 9. Re1 Be6 10. Bf1 Rc8 11. h3 Nb8 12. Nd5 Nxd5 13. exd5 Bf5 14. c4 O-O 15.
b4 Nd7 16. Qb3 Kh8 17. Bb2 b6 18. Rac1 Bh7 19. Ba3 Bg8 20. c5 dxc5 21. d6 Bf6
22. Ba6 Rb8 23. Qa4 Bh7 24. Bb5 e4 25. Bxd7 exf3 26. bxc5 bxc5 27. Bxc5 Bb2 28.
Rc4 Qg5 29. Bg4 Bd3 30. d7 Bxc4 31. Qxc4 Qd2 32. Re3 Rg8 33. Bxa7 Qd1+ 34. Kh2
Ra8 35. Bc5 Qd2 36. Qxf7 Qxf2 37. Bxf3 Raf8 38. Qd5 Bc1 39. Re4 1-0

[Event "PARDUBICE OPEN  2007 "]
[Site "CEZ arena,  Pardubice  (CZE)"]
[Date "2007.07.23"]
[Round "4"]
[White "Stark, Lars"]
[Black "Jovanovic, Zoran"]
[Result "1/2-1/2"]
[WhiteElo "2430"]
[BlackElo "2537"]
[PlyCount "52"]
[EventDate "2007.07.20"]

1. c4 e5 2. g3 Nc6 3. Nc3 Bc5 4. Bg2 d6 5. e3 a6 6. Nge2 Nge7 7. a3 Ba7 8. b3
O-O 9. h3 Be6 10. d4 exd4 11. exd4 d5 12. c5 Nf5 13. O-O Qf6 14. Be3 Nxe3 15.
fxe3 Qh6 16. Nf4 Ne7 17. Ncxd5 Nxd5 18. Bxd5 Bxd5 19. Nxd5 Qxh3 20. Qf3 c6 21.
Nf4 Qd7 22. Rad1 f5 23. d5 cxd5 24. Rxd5 Qe7 25. b4 Rae8 26. Rd3 Bb8 1/2-1/2

[Event "PARDUBICE OPEN  2007 "]
[Site "CEZ arena,  Pardubice  (CZE)"]
[Date "2007.07.23"]
[Round "4"]
[White "Korobov, Anton"]
[Black "Zpevak, Pavel"]
[Result "1-0"]
[WhiteElo "2530"]
[BlackElo "2423"]
[PlyCount "81"]
[EventDate "2007.07.20"]

1. d4 Nf6 2. c4 g6 3. Nc3 d5 4. cxd5 Nxd5 5. e4 Nxc3 6. bxc3 Bg7 7. Bc4 c5 8.
Ne2 Nc6 9. Be3 cxd4 10. cxd4 O-O 11. O-O Bg4 12. f3 Na5 13. Bd3 Be6 14. d5 Bxa1
15. Qxa1 f6 16. h4 Bf7 17. f4 Rc8 18. Bxa7 Nc4 19. Bd4 g5 20. h5 Qa5 21. h6 Qa6
22. Rd1 Na3 23. Rd2 Qa4 24. Bf2 Be8 25. Nd4 Bd7 26. Qe1 Nc4 27. Rc2 Qa3 28. Qe2
Qd6 29. a4 Na3 30. Rxc8 Rxc8 31. e5 fxe5 32. fxe5 Qxd5 33. a5 Rc1+ 34. Kh2 Nc4
35. Nf3 Bb5 36. Qa2 Kf8 37. Qb3 Ra1 38. Bg3 Qc5 39. Qc2 Qd5 40. Nxg5 Qd4 41.
Ne6+ 1-0

[Event "PARDUBICE OPEN  2007 "]
[Site "CEZ arena,  Pardubice  (CZE)"]
[Date "2007.07.23"]
[Round "4"]
[White "Kulhanek, Tomas"]
[Black "Zhigalko, Andrey"]
[Result "1/2-1/2"]
[WhiteElo "2428"]
[BlackElo "2529"]
[PlyCount "151"]
[EventDate "2007.07.20"]

1. e4 c5 2. Nc3 e6 3. f4 a6 4. Nf3 b5 5. d3 Bb7 6. a3 d5 7. Qe2 Nc6 8. exd5 Nd4
9. Nxd4 cxd4 10. Ne4 Bxd5 11. f5 Be7 12. fxe6 Bxe6 13. g3 Nf6 14. Bg2 Rc8 15.
O-O O-O 16. Nxf6+ Bxf6 17. Bf4 Re8 18. Rae1 Qd7 19. Qd2 Rc5 20. Re2 Rec8 21.
Rfe1 h6 22. Qa5 Bg4 23. Rf2 Rxc2 24. Rxc2 Rxc2 25. Qxa6 Rxg2+ 26. Kxg2 Qd5+ 27.
Kg1 Kh7 28. Rc1 Qb3 29. Qc6 Qxb2 30. Qe4+ g6 31. Rc7 Qb3 32. h4 Bf5 33. Qf3 h5
34. Bg5 Bg7 35. Qf1 Be6 36. Bf6 Qxa3 37. Bxg7 Kxg7 38. Qf4 Qxd3 39. Rb7 Qb1+
40. Qf1 Qxf1+ 41. Kxf1 Bc4+ 42. Kf2 Kf6 43. Rd7 Ke5 44. Re7+ Kd6 45. Re8 b4 46.
Ke1 Be6 47. Kd2 Kd5 48. Rb8 Kc5 49. Kc2 Kc4 50. Rb7 b3+ 51. Kd2 Bf5 52. Rc7+
Kd5 53. Rb7 Bc2 54. Rxf7 Be4 55. Rb7 Kc4 56. Rb8 Bf5 57. Rb6 Bc2 58. Rb8 Kd5
59. Re8 Kd6 60. Kc1 Bf5 61. Rb8 Be6 62. Rb5 Kc6 63. Rb8 Kc5 64. Kd2 Bc4 65. Rb7
Bb5 66. Rb8 Kb4 67. Rb6 Kc5 68. Rxg6 Kb4 69. Rb6 d3 70. Kc1 Kc4 71. Rb8 Bd7 72.
Kd2 Bg4 73. Rb7 Be2 74. Rb8 Bg4 75. Rb7 Be2 76. Rb8 1/2-1/2

[Event "PARDUBICE OPEN  2007 "]
[Site "CEZ arena,  Pardubice  (CZE)"]
[Date "2007.07.23"]
[Round "4"]
[White "Zaitsev, Mikhail"]
[Black "Polzin, Rainer"]
[Result "0-1"]
[WhiteElo "2422"]
[BlackElo "2505"]
[PlyCount "86"]
[EventDate "2007.07.20"]

1. d4 Nf6 2. c4 g6 3. Nc3 Bg7 4. e4 d6 5. Nf3 O-O 6. Be2 e5 7. d5 Nbd7 8. Be3
Ng4 9. Bd2 f5 10. exf5 gxf5 11. Ng5 Nc5 12. h3 Nf6 13. b4 Na6 14. g4 Qe7 15.
Qc2 e4 16. a3 c5 17. b5 Nc7 18. Be3 h6 19. Ne6 Bxe6 20. dxe6 Nxe6 21. gxf5 Nd4
22. Qa2 Qe5 23. O-O-O Nxf5 24. Qd2 Nd7 25. Qd5+ Qxd5 26. Nxd5 Nxe3 27. fxe3 Rf2
28. Bg4 Ne5 29. Be6+ Kh8 30. Nf4 Ra2 31. Bf5 Rxa3 32. Bxe4 Rxe3 33. Bxb7 Rf8
34. Rhf1 Rc3+ 35. Kb1 Rxc4 36. Nd5 Rb8 37. Ba6 Ra4 38. Nc7 Nc4 39. Rf3 Ra1+ 40.
Kc2 Ra2+ 41. Kb3 Ra3+ 42. Kxc4 Rxf3 43. Rxd6 Rc3+ 0-1

[Event "PARDUBICE OPEN  2007 "]
[Site "CEZ arena,  Pardubice  (CZE)"]
[Date "2007.07.23"]
[Round "4"]
[White "Zherebukh, Yaroslav"]
[Black "Yandemirov, Valeri"]
[Result "1/2-1/2"]
[WhiteElo "2418"]
[BlackElo "2504"]
[PlyCount "45"]
[EventDate "2007.07.20"]

1. e4 e5 2. Nf3 Nc6 3. Bb5 a6 4. Ba4 d6 5. c3 f5 6. exf5 Bxf5 7. O-O Bd3 8. Re1
Be7 9. Bc2 Bxc2 10. Qxc2 Nf6 11. d4 e4 12. Ng5 d5 13. f3 h6 14. Nh3 O-O 15. Nd2
exf3 16. Nxf3 Rf7 17. Nf2 Bd6 18. Bd2 Qf8 19. Ne5 Bxe5 20. dxe5 Nd7 21. Nd3 Rf5
22. Qb3 Kh8 23. e6 1/2-1/2

[Event "PARDUBICE OPEN  2007 "]
[Site "CEZ arena,  Pardubice  (CZE)"]
[Date "2007.07.23"]
[Round "4"]
[White "Shevtsov, Nikoliy"]
[Black "Schebler, Gerhard"]
[Result "1/2-1/2"]
[WhiteElo "2400"]
[BlackElo "2496"]
[PlyCount "59"]
[EventDate "2007.07.20"]

1. e4 c5 2. c3 d5 3. exd5 Qxd5 4. d4 Nf6 5. Nf3 Bg4 6. dxc5 Qxc5 7. h3 Bh5 8.
Be3 Qc8 9. Na3 Nbd7 10. Qa4 Bxf3 11. gxf3 a6 12. O-O-O e6 13. Nc2 Nd5 14. f4
Be7 15. Bg2 b5 16. Qd4 O-O 17. Bxd5 exd5 18. Qxd5 Nf6 19. Qe5 Re8 20. Rhg1 Qxh3
21. Rg3 Qe6 22. Qg5 g6 23. f5 Qxa2 24. Bd4 Rad8 25. Bxf6 Rxd1+ 26. Kxd1 Qa1+
27. Kd2 Bxf6 28. Qxf6 Qf1 29. Re3 Qxf2+ 30. Kd1 1/2-1/2

[Event "PARDUBICE OPEN  2007 "]
[Site "CEZ arena,  Pardubice  (CZE)"]
[Date "2007.07.23"]
[Round "4"]
[White "Jaracz, Pawel"]
[Black "Aliavdin, Nikolai"]
[Result "1/2-1/2"]
[WhiteElo "2495"]
[BlackElo "2403"]
[PlyCount "45"]
[EventDate "2007.07.20"]

1. d4 Nf6 2. c4 g6 3. Nc3 Bg7 4. e4 d6 5. Nf3 O-O 6. Be2 e5 7. Be3 Ng4 8. Bg5
f6 9. Bc1 exd4 10. Nxd4 f5 11. h3 Nh6 12. exf5 Nxf5 13. Nxf5 Rxf5 14. Be3 Nc6
15. Qd2 Rf8 16. O-O Be6 17. Rad1 Qf6 18. Nd5 Qf7 19. b3 Rae8 20. Rfe1 Kh8 21.
Bf1 Ne5 22. Kh1 Bf5 23. Bd4 1/2-1/2

[Event "PARDUBICE OPEN  2007 "]
[Site "CEZ arena,  Pardubice  (CZE)"]
[Date "2007.07.23"]
[Round "4"]
[White "Orzech, Dominik"]
[Black "Jansa, Vlastimil"]
[Result "1/2-1/2"]
[WhiteElo "2394"]
[BlackElo "2494"]
[PlyCount "114"]
[EventDate "2007.07.20"]

1. d4 Nf6 2. Nf3 g6 3. c4 Bg7 4. g3 d5 5. cxd5 Nxd5 6. Bg2 Nb6 7. Nc3 Nc6 8. d5
Bxc3+ 9. bxc3 Qxd5 10. Bf4 Qxd1+ 11. Rxd1 Be6 12. Bxc7 Nd5 13. Be5 Nxe5 14.
Nxe5 O-O-O 15. O-O Nb6 16. Rd4 f6 17. Nd3 Bd5 18. f4 Kb8 19. Nc5 Rc8 20. Nd7+
Nxd7 21. Rxd5 Nb6 22. Rb5 Rc4 23. Ra1 Rhc8 24. a4 R8c7 25. a5 Nc8 26. Rd1 Nd6
27. Rbd5 f5 28. Re5 Rxc3 29. Bd5 Rc1 30. Rxc1 Rxc1+ 31. Kg2 Rc7 32. Bg8 Nc4 33.
Re6 Nxa5 34. Bxh7 Nb3 35. Bg8 Nd4 36. Rxg6 Rc2 37. h4 Rxe2+ 38. Kh3 Nf3 39. g4
Rh2+ 40. Kg3 Nxh4 41. Rg7 Rg2+ 42. Kxh4 Rxg4+ 43. Rxg4 fxg4 44. Kxg4 Kc7 45.
Kf5 Kd6 46. Ke4 a6 47. Kd4 a5 48. Bh7 a4 49. Bc2 b5 50. Be4 b4 51. Bb1 b3 52.
Kc4 Ke6 53. Be4 Kd6 54. Bb1 a3 55. Kxb3 Kd5 56. Kc3 a2 57. Bxa2+ Ke4 1/2-1/2

[Event "PARDUBICE OPEN  2007 "]
[Site "CEZ arena,  Pardubice  (CZE)"]
[Date "2007.07.23"]
[Round "4"]
[White "Thiede, Lars"]
[Black "Meduna, Eduard"]
[Result "1-0"]
[WhiteElo "2489"]
[BlackElo "2392"]
[PlyCount "111"]
[EventDate "2007.07.20"]

1. g3 d5 2. c4 c6 3. Bg2 Nf6 4. Nf3 Bf5 5. cxd5 cxd5 6. Qb3 Qb6 7. Nc3 e6 8. d3
Nc6 9. O-O Be7 10. Be3 Qxb3 11. axb3 Ng4 12. Bf4 O-O 13. h3 Nf6 14. g4 Bg6 15.
Nb5 Rfd8 16. Bg3 a6 17. Nbd4 Nxd4 18. Nxd4 h5 19. g5 Ne8 20. f4 Nd6 21. Bf2
Rac8 22. Rac1 Kf8 23. Rc3 Ke8 24. Rfc1 Kd7 25. h4 f6 26. Rxc8 Rxc8 27. Rxc8
Nxc8 28. Bh3 f5 29. Nf3 Be8 30. e4 dxe4 31. dxe4 Nd6 32. Ne5+ Kc7 33. Bc5 g6
34. exf5 exf5 35. Bg2 Bf8 36. Bd5 b6 37. Ba3 Bg7 38. Kf2 Bxe5 39. fxe5 Nf7 40.
e6 Ne5 41. Ke3 Bc6 42. Kd4 Nf3+ 43. Bxf3 Bxf3 44. Ke5 Bg4 45. Bd6+ Kd8 46. Kf6
Ke8 47. Kxg6 f4 48. Kf6 Bd1 49. g6 Bc2 50. Bxf4 b5 51. b4 Bd3 52. Bd6 Bc2 53.
Bc5 Bd3 54. Kg5 Bc4 55. Kxh5 Bxe6 56. Kg5 1-0

[Event "PARDUBICE OPEN  2007 "]
[Site "CEZ arena,  Pardubice  (CZE)"]
[Date "2007.07.23"]
[Round "4"]
[White "Iskusnykh, Sergei"]
[Black "Netzer, Jean"]
[Result "1/2-1/2"]
[WhiteElo "2488"]
[BlackElo "2383"]
[PlyCount "70"]
[EventDate "2007.07.20"]

1. d4 Nf6 2. c4 g6 3. Nc3 Bg7 4. e4 d6 5. Nf3 O-O 6. Be2 e5 7. O-O Nc6 8. d5
Ne7 9. b4 Nh5 10. Re1 f5 11. Ng5 Nf6 12. Bf3 c6 13. b5 cxd5 14. cxd5 h6 15. Ne6
Bxe6 16. dxe6 fxe4 17. Nxe4 Nxe4 18. Bxe4 d5 19. Ba3 dxe4 20. Qxd8 Rfxd8 21.
Bxe7 Re8 22. Bc5 Rxe6 23. Be3 a6 24. b6 Bf6 25. a4 Rd8 26. Rac1 Bg5 27. Bxg5
hxg5 28. Rxe4 Kf7 29. h4 Rxb6 30. hxg5 Ke6 31. Rce1 Rd5 32. Rf4 Ke7 33. Rh4 Ke6
34. Rf4 Ke7 35. Rh4 Ke6 1/2-1/2

[Event "PARDUBICE OPEN  2007 "]
[Site "CEZ arena,  Pardubice  (CZE)"]
[Date "2007.07.23"]
[Round "4"]
[White "Muzychuk, Mariya"]
[Black "Schneider, Dmitry"]
[Result "0-1"]
[WhiteElo "2330"]
[BlackElo "2488"]
[PlyCount "108"]
[EventDate "2007.07.20"]

1. e4 e5 2. Nf3 Nc6 3. d4 exd4 4. Bb5 a6 5. Ba4 Bb4+ 6. c3 dxc3 7. O-O Nge7 8.
a3 Bc5 9. Ng5 d6 10. Qh5 Ng6 11. Kh1 Be6 12. Nxe6 fxe6 13. Nxc3 Qh4 14. Qe2 O-O
15. g3 Qh3 16. Bxc6 bxc6 17. f4 Ne5 18. Be3 Bxe3 19. fxe5 Bd4 20. exd6 cxd6 21.
Qd3 c5 22. Rab1 h6 23. Na4 a5 24. Nb6 Rad8 25. Nc4 Rb8 26. Nxd6 Rxf1+ 27. Qxf1
Qxf1+ 28. Rxf1 Rxb2 29. Nc4 Rc2 30. Nxa5 c4 31. Rb1 c3 32. Nc4 Ra2 33. Rc1 h5
34. a4 Rxa4 35. Nd6 Rb4 36. Kg2 Rb2+ 37. Kh3 g5 38. Nc4 Rf2 39. e5 Kg7 40. g4
Rf3+ 41. Kg2 hxg4 42. Rc2 Kg6 43. Re2 Rf2+ 44. Rxf2 Bxf2 45. Na3 Bd4 46. Nc2
Bxe5 47. Ne3 Bd4 48. Nc2 e5 49. Kf1 Kf5 50. Ke2 Ke4 51. Ne1 Bg1 52. Nd3 Kd4 53.
Nb4 Bxh2 54. Nc2+ Ke4 0-1

[Event "PARDUBICE OPEN  2007 "]
[Site "CEZ arena,  Pardubice  (CZE)"]
[Date "2007.07.23"]
[Round "4"]
[White "Bajarani, Ilgar"]
[Black "Wirig, Anthony"]
[Result "1/2-1/2"]
[WhiteElo "2319"]
[BlackElo "2487"]
[PlyCount "63"]
[EventDate "2007.07.20"]

1. e4 c5 2. c3 d5 3. exd5 Qxd5 4. d4 e6 5. Nf3 Nf6 6. Bd3 Be7 7. O-O O-O 8. Qe2
Nc6 9. Rd1 cxd4 10. cxd4 Qh5 11. Nc3 Bd7 12. a3 Bd6 13. h3 Ne7 14. Ne5 Qxe2 15.
Bxe2 Bc6 16. Nxc6 bxc6 17. Bg5 Nfd5 18. Ne4 Bf4 19. Bxf4 Nxf4 20. Ba6 Nfd5 21.
Rac1 Rfb8 22. Rd2 Nc7 23. Bc4 Rd8 24. Kf1 h6 25. Nc5 Rab8 26. b4 Nb5 27. Bxb5
cxb5 28. Nb3 Nd5 29. Rc5 Nb6 30. Na5 Rd5 31. Rc7 Rc8 32. Rxc8+ 1/2-1/2

[Event "PARDUBICE OPEN  2007 "]
[Site "CEZ arena,  Pardubice  (CZE)"]
[Date "2007.07.23"]
[Round "4"]
[White "Simacek, Pavel"]
[Black "Van, Oosterom Chiel"]
[Result "1-0"]
[WhiteElo "2481"]
[BlackElo "2358"]
[PlyCount "91"]
[EventDate "2007.07.20"]

1. d4 d5 2. Nf3 c6 3. Bg5 Nf6 4. Bxf6 exf6 5. e3 Be6 6. Nbd2 Bd6 7. e4 dxe4 8.
Nxe4 O-O 9. Be2 Be7 10. c4 Qa5+ 11. Nc3 Na6 12. O-O Rfd8 13. Qd2 Rd7 14. Rfd1
Bb4 15. Rac1 Rad8 16. a3 Bf8 17. Qe3 Nc7 18. b4 Qxa3 19. c5 Qb3 20. h3 a6 21.
Qd2 Nd5 22. Nxd5 Qxd5 23. Bc4 Qf5 24. Bd3 Qh5 25. Be2 g6 26. Rc3 Qh6 27. Bc4
Bf5 28. Re3 Qf4 29. g3 Qh6 30. g4 Be6 31. Rxe6 Qxh3 32. Rxf6 Qxg4+ 33. Kf1 Bg7
34. Qf4 Qh3+ 35. Kg1 Bxf6 36. Qxf6 Qg4+ 37. Kh2 Rd5 38. Bxd5 Rxd5 39. Ne5 Rxe5
40. Qd8+ Kg7 41. dxe5 Qf4+ 42. Kg2 Qg4+ 43. Kf1 Qh3+ 44. Ke1 Qc3+ 45. Qd2 Qxe5+
46. Kf1 1-0